000 00573nam a2200181 4500
005 20250107161928.0
008 250107b |||||||| |||| 00| 0 eng d
020 _a9789389625172
_cरु 450.00
040 _aMAIN
082 _a891.43301741
_bMK264P
100 _4मघुकांत
245 _aप्रेरक लधुकथाएँ
260 _aदिल्ली
_bमोनिका प्रकाशन
_c2020
300 _a159
650 _aहिन्दी साहित्य
_aकहानी-संग्रह
942 _cHN
999 _c361614
_d361614